Tres escritores catalanes (Record no. 96707)

MARC details
000 -LEADER
campo de control de longitud fija 00633nam a2200193 i 4500
001 - NÚMERO DE CONTROL
campo de control 96707
003 - IDENTIFICADOR DE NÚMERO DE CONTROL
campo de control ES-MaACL
005 - FECHA Y HORA DE LA ÚLTIMA TRANSACCIÓN
campo de control 20230906181949.0
007 - CAMPO FIJO DE DESCRIPCIÓN FÍSICA--INFORMACIÓN GENERAL
campo de control de longitud fija t|
008 - DATOS DE LONGITUD FIJA--INFORMACIÓN GENERAL
campo de control de longitud fija 050630s1973 sp ||||1| spa d
100 1# - ENTRADA PRINCIPAL--NOMBRE DE PERSONA
Nombre de persona Manent, Albert.
9 (RLIN) 75972
245 10 - MENCIÓN DEL TÍTULO
Título Tres escritores catalanes
Resto del título : Carner, Riba, Pla /
Mención de responsabilidad, etc. Albert Manent.
260 ## - PUBLICACIÓN, DISTRIBUCIÓN, ETC.
Lugar de publicación, distribución, etc. Madrid :
Nombre del editor, distribuidor, etc. Gredos,
Fecha de publicación, distribución, etc. 1973.
300 ## - DESCRIPCIÓN FÍSICA
Extensión 338 p. ;
Dimensiones 21 cm.
490 1# - MENCIÓN DE SERIE
Mención de serie Biblioteca románica hispánica. II. Estudios y ensayos ;
Designación de volumen o secuencia 187
830 0# - PUNTO DE ACCESO ADICIONAL DE SERIE-TÍTULO UNIFORME
Título uniforme Biblioteca románica hispánica. II. Estudios y ensayos ;
Designación de volumen o secuencia 187
9 (RLIN) 178108
852 ## - LOCALIZACIÓN
Ubicación ES-MaACL
Número de control de estantería C-52519
Sublocalización o colección R.85767
Holdings
Estatus retirado Estado de pérdida Estado de daño No para préstamo Biblioteca de origen Biblioteca actual Ubicación en estantería Fecha de adquisición Fuente de adquisición Total de préstamos Signatura topográfica completa Código de barras Visto por última vez Precio de reemplazo Tipo de ítem Koha
        Biblioteca del Ateneo de Madrid Biblioteca del Ateneo de Madrid Depósito 2 17/01/2008     C-52519 1100960 23/02/2023 23/02/2023 Libro impreso